00557cam a2200205 a 4500001001300000003000400013005001700017008004100034010001700075040001300092050002800105100003200133245003800165260005400203300002100257500001100278546001300289650003200302999001700334sa 65009172 DLC20260227112200.0840105s1964 ii 000 f urdo  asa 65009172  aDLCcDLC00aPK2200.S36744bM55 19641 aŚarmā, Narendra,d1936-10aMis Kīlar /cNarendar Sharmā. aNaī Dillī :bMaktabah-yi Āshyānah,c1964. a152 p. ;c19 cm. aNovel. aIn Urdu. 0aKeeler, ChristinevFiction. c66052d66052